000 00925nam0a22002531 4500
001 rc\2780548
005 20250806210052.0
035 _a(NLR Aleph) 006906784
090 _a15766
_c15766
100 _a20110915d1942 u y0rusy50 ca
101 0 _arus
102 _aRU
105 _ay z |||||
200 1 _aЧто несет фашизм крестьянству
_fЕмельян Ярославский, член Акад. наук СССР
210 _aФрунзе
_cКиргизгосиздат
_d1942
215 _a66, [2] с.
_d14 см.
700 1 _aЯрославский
_bЕ. М.
_cгос. и парт. деятель
_f1878-1943
_gЕмельян Михайлович
_3RU\NLR\AUTH\770172725
_4080
801 0 _aRU
_bNLR
_gpsbo
801 1 _aRU
_bELAR
_2rusmarc
852 _aNLR
_jИр62 Г-2/57
942 _cBOOK
945 _aРоссийская национальная библиотека
980 _aNB
980 _aBV